| 000 | 01080pam a2200313 a 4500 | ||
|---|---|---|---|
| 999 |
_c15008 _d15008 |
||
| 001 | 2562006 | ||
| 003 | EG-ScBUE | ||
| 005 | 20201026135935.0 | ||
| 008 | 950829t1996 maua f 001 0 eng d | ||
| 020 | _a0534948545 (acidfree paper) | ||
| 020 | _a9780534948542 (acidfree paper) | ||
| 040 |
_aDLC _beng _erda _cDLC _dDLC _dEG-ScBUE |
||
| 082 | 0 | 4 |
_a516.32 _bRID _222 |
| 100 | 1 |
_aRiddle, Douglas F., _eauthor. _922567 |
|
| 245 | 1 | 0 |
_aAnalytic Geometry / _cDouglas F. Riddle, St. Joseph's University and Huron University/Japan. |
| 250 | _aSixth edition. | ||
| 264 | 1 |
_aBelmont, CA : _bBrooks/Cole, _c[1996] |
|
| 264 | 4 | _cc1996 | |
| 300 |
_axvii, 473 pages : _billustrations ; _c25 cm |
||
| 336 |
_2rdacontent _atext _btxt |
||
| 337 |
_2rdamedia _aunmediated _bn |
||
| 338 |
_2rdacarrier _avolume _bnc |
||
| 500 | _aIncludes index. | ||
| 650 | 7 |
_aGeometry, Analytic. _2BUEsh _922568 |
|
| 653 |
_bGGEN _cOctober2020 |
||
| 655 |
_vReading book _934232 |
||
| 942 |
_2ddc _cBB |
||